Focus on meat
| Main Author: | |
|---|---|
| Format: | Book |
| Published: |
England :
Wayland ,
1988
|
| Series: | Foces on Resources Sevies
|
| Subjects: |
MARC
| LEADER | 00000cam a2200000 7i4500 | ||
|---|---|---|---|
| 001 | 0000004464 | ||
| 002 | 000004807 | ||
| 005 | 20060206.0 | ||
| 020 | |a 1852104880 | ||
| 090 | 0 | 0 | |a 641.36 |b LAM |
| 100 | 1 | |a Lambert, Mark | |
| 245 | 1 | 0 | |a Focus on meat |c Mark Lambert |
| 260 | |a England : |b Wayland , |c 1988 | ||
| 300 | |a 48 p. : |b ill ; |c 22 cm. | ||
| 490 | 0 | |a Foces on Resources Sevies | |
| 650 | 0 | 0 | |a Meat |x Juvenile literature |
| 999 | |a 032793 |b BUKU |c JUNIOR BOOKS |e PERPUSTAKAAN KOMUNITI PETALING JAYA | ||